Amor y muerte : La última noche de Boris Grushenko = Love and Death /
Sexto largometraje realizado por Allen, quien satiriza la literatura rusa con esta película ambientada en la época napoleónica: Boris Grushenko, el protagonista, espera ser ejecutado por un crimen que no cometió y mientras llega la hora, recuerda a su familia, especialmente a su prima Sonja, con qui...
-д хадгалсан:
| Үндсэн зохиолч: | |
|---|---|
| Бусад зохиолчид: | , , , , , , , |
| Формат: | |
| Хэл сонгох: | англи |
| Хэвлэсэн: |
EUA :
Rollins-Joffe Productions,
1975, c1975
|
| Нөхцлүүд: | |
| Шошгууд: |
Шошго байхгүй, Энэхүү баримтыг шошголох эхний хүн болох!
|
MARC
| LEADER | 00000ngm^a2200000^a^4500 | ||
|---|---|---|---|
| 001 | 000312026 | ||
| 005 | 20251020000000.0 | ||
| 009 | 20260310113104.072 | ||
| 037 | |a Acervo ITESO - Biblioteca | ||
| 041 | |a ING | ||
| 082 | |a 810. |b ALL | ||
| 100 | |a Allen, Woody |e (realización) | ||
| 240 | 1 | 4 | |a [La última noche de Boris Grushenko] |
| 245 | 1 | 0 | |a Amor y muerte : |b La última noche de Boris Grushenko = Love and Death / |c Realización de W. Allen. |
| 246 | 2 | |a Título de exhibición cinematográfica en México: La última noche de Boris Grushenko | |
| 246 | 2 | |a Título en la pantalla: La última noche de Boris Grushenko | |
| 264 | 4 | |a EUA : |b Rollins-Joffe Productions, |c 1975, c1975 | |
| 264 | 2 | |a México : |b Metro-Goldwyn-Mayer [distribución] : |b Twentieth Century Fox [distribución], |c 2005, c2005 | |
| 300 | |a 1 DVD región 4 |c (85 min.) + |e 1 díptico | ||
| 336 | |a imagen móvil bidimensional |b tdi |2 rdacontenido | ||
| 337 | |a video |b v |2 rdamedio | ||
| 338 | |a videodisco |b vd |2 rdasoporte | ||
| 520 | |a Sexto largometraje realizado por Allen, quien satiriza la literatura rusa con esta película ambientada en la época napoleónica: Boris Grushenko, el protagonista, espera ser ejecutado por un crimen que no cometió y mientras llega la hora, recuerda a su familia, especialmente a su prima Sonja, con quien tuvo la suerte de casarse. Fue el primer filme de Allen presentado en uno de los grandes festivales europeos, al ser exhibido en Berlín el verano de 1975. | ||
| 520 | |a Suplementos y características especiales: 1) Avance cinematográfico original (2 min. y medio; en inglés, sin subtítulos o traducción) y 2) Folleto con notas de producción (en español). | ||
| 545 | 0 | |a Nacido en 1935 en Nueva York en el seno de un familia judía centroeuropea, el norteamericano Woody Allen comenzó en 1967 su carrera como director de cine. Ubicadas plenamente en el ámbito de la comedia, las seis películas que integran su primera etapa como realizador le permiten crear un personaje que alcanza gran popularidad y se instala definitivamente en su filmografía: el hombre tímido con un marcado aire judío, obsesionado por el sexo y el psicoanálisis, que se entiende mal con las mujeres y la vida práctica. Annie Hall (1977) demarcará un nuevo rumbo en su obra -que conserva el humor como uno de sus principales elementos, pero sin empeñarse en hacer reir a toda costa- y le ubicará como uno de los principales autores surgidos en la industria norteamericana durante la década de 1970. A partir de entonces, Allen ha filmado, con total libertad, una película por año. Manhattan (1979), uno de sus mayores éxitos de crítica, cierra la primera etapa de su colaboración con la actriz Diane Keaton, protagonista también de Annie Hall. El período 1982-1992 comprende su fructífera relación creativa con Mia Farrow, que incluye títulos como La rosa púrpura de El Cairo (1984), Hannah y sus hermanas (1986), Crímenes y pecados (1989) y Maridos y esposas (1992). Allen ha mantenido su reputación como un guionista sumamente ingenioso y un agudo observador de las relaciones de pareja, que en el más reciente tramo de su carrera ha ofrecido títulos tan significativos como Los enredos de Harry (1997). | |
| 546 | |a En inglés, con subtítulos opcionales: español, inglés, portugués | ||
| 546 | |a Doblaje opcional: español | ||
| 649 | |a XX | ||
| 650 | |a Parodias | ||
| 650 | |a Sátira | ||
| 650 | |a Comedias Cinematográficas | ||
| 650 | |a Cine Norteamericano - |y 1970-1979 | ||
| 650 | |a Cine Norteamericano - |y Siglo XX | ||
| 650 | |a Amor | ||
| 650 | |a Relaciones de Pareja | ||
| 650 | |a Muerte | ||
| 700 | |a Allen, Woody |e (guión) | ||
| 700 | |a Cloquet, Ghislain |e (fotógrafo) | ||
| 700 | |a Rosenblum, Ralph |e (montaje) | ||
| 700 | |a Kalish, Ron |e (montaje) | ||
| 700 | |a Hively, George |e (montaje) | ||
| 700 | |a Allen, Woody |e (actuación) | ||
| 700 | |a Keaton, Diane |e (actuación) | ||
| 700 | |a Adet, Georges |e (actuación) | ||
| 910 | |a Fondo General | ||
| 920 | |a Audiovisuales - DVDs | ||
| 940 | |a Películas | ||
| 905 | |a 302 | ||
| 901 | |a 0500183737 |b IT2 |c DVS |i C117172 |u 20250521 | ||
| 901 | |a 0500183749 |b IT2 |c MIN |u 20251020 | ||
| 902 | |a https://opac.biblio.iteso.mx/vufind/Record/000312026 | ||